000 02387nam a22002057a 4500
005 20220321122218.0
008 220311b ||||| |||| 00| 0 eng d
020 _a9781138050631
040 _cAL
041 _aeng
082 _223
_a612.39
_bCAMS
100 _a Bill I Campbell
_923334
245 _aSports nutrition
_bEnhancing athletic performance
260 _aNew York
_bCRC Press
_c2021
300 _axvi,321p.
_bHB
_c23x15cm.
365 _2General
_aVBI-1343
_b₹1871.25
_c
_d₹2495.00
_e25%
_f21/02/2022
520 _aWith the constant flow of information related to sports nutrition coming from scholarly journals, it is difficult to sift through it all and determine what is relevant. Sports Nutrition: Enhancing Athletic Performance helps in this endeavor, with more than 1,000 references from top academic journals, offering critical knowledge concerning nutrient ingestion for enhancing exercise and sports performance. This book offers a clear focus on scientifically based sports nutrition advice to maximize performance. It also addresses exercise metabolism, which governs how nutrients exert physiologic effects that lead to increased athletic potential. The book examines the three key macronutrients: fat, carbohydrate, and protein. It discusses various aspects of macronutrient metabolism, including differences between a body at rest and during high-intensity exercise. Topics covered in the text include the following.Nutrient timingLeucine threshold to optimize muscle protein synthesisCarbohydrate manipulations for better endurance- and resistance-exercise performanceDietary fat intake recommendations for improving performanceCarbohydrate loading strategies.Optimal amounts of protein to ingest on a meal-by-meal basis.Pre-exercise dietary fat intake strategies.Comparison of high-quality proteins.In addition to enhancing performance, the book describes how to improve body composition, presenting a scientifically based strategy for losing body fat while maintaining precious lean muscle mass. Four principles of fat loss are set forth that are integral for success in optimizing body composition. This book presents both performance nutrition principles and exercise biochemistry, addressing the key questions of what, when, and how much to ingest for improved performance and training recovery.
650 _aNutrition
_923335
942 _2ddc
_cBK
999 _c221813
_d221813